000 00718nam a2200229 i 4500
001 47549
003 ES-MaACL
005 20231221200502.0
007 t|
008 030505s1916 sp ||||1| spa d
080 _a821.134.2-32"19"
100 1 _aLinares Rivas, Manuel.
_972355
245 1 3 _aEl poder de la ilusión /
_cde Manuel Linares Rivas. El camino de los brazos / de Pedro de Répide.
260 _aMadrid :
_b[s.n.],
_c1916.
300 _a34 p. ;
_c19 cm.
490 1 _aLa novela corta ;
_v6
700 1 _aRépide, Pedro de,
_d1882-1948
_996267
740 3 _aEl camino de los brazos.
830 0 _aLa novela corta ;
_v6
_9182142
852 _aES-MaACL
_jG-4947(6)
_bR.132489
999 _c47549
_d47549